Statistics for 100 Biggest Cities in the United States in 1790 with a Map

Click here to take the quiz!

General Stats

  • This quiz has been taken 175 times
  • The average score is 19 of 100

Answers on the Map

Answers color-coded by a green-red scale on the quiz's map according to % correct below.
 

Answer Stats

PopulationStateCities% Correct
33,131NYNew York City
97%
13,503MDBaltimore
96%
28,522PAPhiladelphia
96%
18,320MABoston
95%
3,498NYAlbany
84%
6,380RIProvidence
83%
16,359SCCharleston
81%
3,761VARichmond
80%
4,090CTHartford
76%
4,484CTNew Haven
69%
4,555MASherburne
59%
7,921MASalem
47%
4,000CTStamford
47%
6,716RINewport
39%
5,400CTNew London
36%
3,773PALancaster
34%
3,472NYSchenectady
33%
4,996NYCambridge
32%
4,720NHPortsmouth
30%
5,189NYWashington
30%
3,313MANew Bedford
28%
9,913PANorthern Liberties
28%
5,317MAGloucester
27%
4,025RIGlocester
26%
3,603NYWarwick
24%
3,300CTNorwich
23%
11,942CTNorwalk
21%
3,071NYSaratoga
21%
3,929NYKingston
19%
5,932NYFrederickstown
17%
3,132CTGreenwich
17%
5,661MAMarblehead
16%
3,972MANewbury
16%
4,837MANewburyport
16%
5,661PASouthwark
16%
5,375CTMiddletown
15%
3,225NJMiddletown
15%
3,408NYSouthampton
13%
4,000CTGroton
12%
3,241CTStratford
12%
3,804MATaunton
12%
4,009CTFairfield
11%
3,230CTChatham
10%
4,562MAIpswich
10%
4,526MAMiddleborough
10%
3,290MABeverly
8%
3,894MABerwick
7%
4,975MABridgewater
7%
4,607NYClinton
7%
3,460CTGuilford
7%
3,260NYHuntington
7%
3,259MAKittery
7%
3,700CTLitchfield
7%
4,100CTLyme
7%
4,097NYOyster Bay
7%
4,710MARehoboth
7%
3,662NYRhinebeck
7%
3,233CTSaybrook
7%
4,166CTLebanon
6%
3,563NYMontgomery
6%
3,171RISmithfield
6%
5,300CTStonington
6%
6,692NYCanaan
5%
3,200CTColchester
5%
5,941NYFishkill
5%
4,661NYKinderhook
5%
3,219NYSouthold
5%
3,375CTWallingford
5%
3,170CTWatertown
5%
7,333NYBallston
4%
3,597NYBeekman
4%
3,100MABrookfield
4%
3,224NYBrookhaven
4%
6,156NYCanajoharie
4%
3,406NYCoxsackie
4%
4,556NYHillsdale
4%
4,594NYLivingston
4%
3,785NJLower Freehold
4%
4,440NYMohawk
4%
3,167CTNew Milford
4%
4,330NYPawling
4%
8,318NYRensselaerswyck
4%
4,673NJShrewsbury
4%
3,828NYSouth Hempstead
4%
4,131RISouth Kingstown
4%
6,795NYStephentown
4%
3,442NJUpper Freehold
4%
3,806CTWethersfield
4%
5,201NJAmwell
3%
4,261NYCaughnawaga
3%
3,262NYClaverack
3%
3,602NYHalfmoon
3%
4,826NYHaverstraw
3%
4,225NYNew Cornwall
3%
3,401NYNorth East
3%
3,404NYPalatine
3%
7,419NYWatervliet
3%
3,520NJWoodbridge
3%
3,078NYAmenia
2%
3,071NYStillwater
2%

Score Distribution

Percentile by Number Answered

Percent of People with Each Score

Your Score History

You have not taken this quiz